000 01027nam1a22002531i 4500
001 rc\3504590
005 20240723201822.0
035 _a(NLR Aleph) 007654551
090 _a6265058
_c6265058
100 _a20130115g1973 |||y0rusy50 ca
101 0 _arus
102 _aRU
105 _a z |||||
200 1 _aСобрание сочинений
_eВ 7 т.
_fПод общ. ред. П.Г. Антокольского [и др.
_gПодгот. текстов и примеч. Н.С. Ашукина и др.
_gВступ. статья П.Г. Антокольского, с. 7-28]. Т. 1-
210 _aМосква
_cХудож. лит.
_d1973-
215 _d21
606 _aКультура
_xИстория
_2psbo
700 1 _aБрюсов
_bВ.Я.
_f1873-1924
_gВалерий Яковлевич
702 1 _aАшукин
_bН.С.
_4212
702 1 _aАнтокольский
_bП.Г.
_gПавел Григорьевич
_4340
_4080
801 0 _aRU
_bNLR
_gpsbo
801 1 _aRU
_bELAR
_2rusmarc
852 _aNLR
_j73-3/6205
942 _cBOOK